Statistiques concernant Départements français

Cliquez ici pour prendre le quiz!

Statistiques générales

  • Ce quiz a été pris 849 336 fois
  • Le résultat moyen est 55 sur 101

Réponses sur la Carte

Les réponses sont colorées sur une échelle allant du rouge au vert en fonction du pourcentage des utilisateurs qui les ont devinées à leur premier essai. Vous pouvez retrouver ces pourcentages ci-dessous.
 

Statistiques - réponses

Départements% Correct
42Loire
83%
75Paris
81%
1Ain
79%
59Nord
79%
974La Réunion
77%
971Guadeloupe
76%
973Guyane
76%
972Martinique
76%
29Finistère
74%
69Rhône (et métropole de Lyon)
73%
2BHaute-Corse
69%
62Pas-de-Calais
69%
2Aisne
66%
2ACorse-du-Sud
66%
33Gironde
66%
67Bas-Rhin
65%
13Bouches-du-Rhône
65%
73Savoie
65%
74Haute-Savoie
64%
68Haut-Rhin
64%
93Seine-Saint-Denis
64%
6Alpes-Maritimes
63%
83Var
63%
78Yvelines
62%
14Calvados
60%
16Charente
60%
44Loire-Atlantique
60%
77Seine-et-Marne
60%
45Loiret
59%
976Mayotte
59%
56Morbihan
59%
57Moselle
59%
22Côtes-d'Armor
58%
39Jura
58%
66Pyrénées-Orientales
58%
7Ardèche
57%
85Vendée
57%
34Hérault
56%
35Ille-et-Vilaine
56%
64Pyrénées-Atlantiques
56%
17Charente-Maritime
55%
50Manche
55%
51Marne
55%
60Oise
55%
23Creuse
54%
27Eure
54%
5Hautes-Alpes
54%
38Isère
54%
40Landes
54%
41Loir-et-Cher
54%
3Allier
53%
18Cher
53%
30Gard
53%
8Ardennes
52%
11Aude
52%
15Cantal
52%
91Essonne
52%
54Meurthe-et-Moselle
52%
76Seine-Maritime
51%
84Vaucluse
51%
21Côte-d'Or
50%
46Lot
50%
80Somme
50%
10Aube
49%
24Dordogne
49%
25Doubs
49%
26Drôme
49%
92Hauts-de-Seine
49%
36Indre
49%
81Tarn
49%
88Vosges
48%
19Corrèze
47%
31Haute-Garonne
47%
90Territoire de Belfort
47%
28Eure-et-Loir
46%
37Indre-et-Loire
46%
47Lot-et-Garonne
46%
94Val-de-Marne
46%
95Val-d'Oise
46%
4Alpes-de-Haute-Provence
45%
12Aveyron
45%
53Mayenne
45%
55Meuse
45%
32Gers
44%
43Haute-Loire
44%
65Hautes-Pyrénées
44%
9Ariège
43%
63Puy-de-Dôme
43%
72Sarthe
43%
82Tarn-et-Garonne
43%
86Vienne
43%
52Haute-Marne
40%
48Lozère
40%
71Saône-et-Loire
40%
79Deux-Sèvres
39%
61Orne
39%
89Yonne
39%
49Maine-et-Loire
38%
58Nièvre
38%
87Haute-Vienne
37%
70Haute-Saône
35%

Distribution des résultats

Percentile par nombre de réponses

% des personnes avec chaque résultat

Votre développement - résultats

Vous n’avez pas pris ce quiz